000 01741nam a2200517 i 4500
001 1266
003 KOSZ 005
005 20211215144157.0
008 211215s1984 pl a f 000 0 pol
015 _aUWD 1985/959
020 _a8301043229
035 _a991008100009705066
035 _a(PL-WaBN)b12084694-48omnis_nlop
035 _ab12084694
035 _a(OCoLC)69528644
035 _azz2003908912
035 _a(PL)b0000001208469
035 _a(EXLNZ-48OMNIS_NETWORK)9910012951705606
040 _aWA N
_cWA N
_dKOSZ 005/RW
046 _k1973
080 _a37.012
080 _a(075.8)
100 1 _aŁobocki, Mieczysław
_d(1929-2012)
_eAutor
245 1 0 _aMetody badań pedagogicznych /
_cMieczysław Łobocki.
250 _aWydanie 5.
260 _aWarszawa :
_bPaństwowe Wydawnictwo Naukowe,
_c1984.
300 _a314, [1] stron :
_btabele ;
_c24 cm.
336 _aTekst
_btxt
_2rdacontent
337 _aBez urządzenia pośredniczącego
_bn
_2rdamedia
338 _aWolumin
_bnc
_2rdacarrier
380 _aKsiążki
380 _aPublikacje dydaktyczne
385 _mPoziom nauczania
_aSzkoły wyższ
388 1 _a1901-2000
388 1 _a1945-1989
504 _aBibliografia na stronach [305]-312.
521 8 _aSkrypt przeznaczony dla studentów pedagogiki, psychologii oraz wyższych szkół pedagogicznych.
650 7 _aPedagogika
_2DBN
650 7 _aMetodologia
655 7 _aPodręczniki akademickie
_2DBN
658 _aEdukacja i pedagogika
710 2 _aPaństwowe Wydawnictwo Naukowe
_4pbl
856 _uhttp://koha.tu.koszalin.pl/cgi-bin/koha/opac-detail.pl?biblionumber=1266
_yKatalog online BPK
942 _2UKD
_cKS
999 _c1266
_d1266